000 00350nam a2200133Ia 4500
008 220916s9999 xx 000 0 und d
020 _a9788173812651
100 _aCHANDRA, SURESH
245 0 _aESSENTIALS OF COMMUNITY MEDICINE
260 _bNEW CENTRAL BOOK AGENCY (P.) LTD., DELHI
_c2013
300 _a372
650 _aPharmacology
942 _cBK
999 _c93031
_d93031